Sports Quiz

Random Sports or Olympics Quiz
Score 0/24 Timer 05:00
0 Plays Today
Hint Answer % Correct
He was nicknamed 'The Greatest' (heavyweight boxer)Muhammad Ali
94.8%
Four-time Super Bowl winning quarterback for the SteelersTerry Bradshaw
80.4%
Most appearances on boxMichael Jordan
78.9%
He replaced Joe at QB for the 49ers (1995 NFL)Steve Young
77%
FIRST NAME of NBA superstar who was on box with his team (1989 Pistons)Isiah Thomas
74.2%
First race car driver on box frontDale Earnhardt
72.9%
A drawing of quarterback who wore #19 (NFL Legend box)Johnny Unitas
71.4%
This golfer was the 7th official Wheaties spokespersonTiger Woods
70.8%
Baseball player; first athlete on the box (1934)Lou Gehrig
70.2%
He coached Super Bowl champs long before Holmgren in '97 or McCarthy in '11Vince Lombardi
70.2%
First African American on box (1936 Olympian)Jesse Owens
68.8%
Forward/center for the 4-time NBA champion San Antonio SpursTim Duncan
68.7%
Hint Answer % Correct
Four-time losing Super Bowl QBJim Kelly
68.4%
MVP running back of the Minnesota Vikings (2012 season)Adrian Peterson
68.3%
Career golf grand slam WinnerJack Nicklaus
66.2%
Female World Cup-winning soccer playerMia Hamm
65.2%
Broadcaster known for singing, 'Take me out to the ballgame'Harry Caray
61.6%
*He was more 'animated' than Mantle (1950 non-athlete!)Mickey Mouse
59.2%
Female Olympic gold-medalist in alpine skiing (2010)Lindsey Vonn
58.4%
Nickname of first team on box front (1987 Major League Baseball)Twins
52.3%
Collegiate women's basketball coachPat Summitt
52.2%
Six time Canadian Football League M.O.P.Doug Flutie
48.2%
First female athlete on box front (1984 Olympic gymnast)Mary Lou Retton
44.9%
First female athlete on box (1935 golf, basketball, track & field)Mildred Ella 'Babe' Didrikson Zaharias
27.2%
Remove Ads.
Support Sporcle.
Get the best of Sporcle when you Go Orange. This ad-free experience offers more features, more stats, and more fun while also helping to support Sporcle. Thank you for becoming a member.

You're not logged in!

Compare scores with friends on all Sporcle quizzes.
OR
Log In

Show Comments

Extras

Top Quizzes Today


Score Distribution

Your Account Isn't Verified!

In order to create a playlist on Sporcle, you need to verify the email address you used during registration. Go to your Sporcle Settings to finish the process.

Report this User

Report this user for behavior that violates our Community Guidelines.

Details: